| 000 | 01044nam a22002537a 4500 | ||
|---|---|---|---|
| 003 | Uzh_bibl | ||
| 008 | 241112b |||||||| |||| 00| 0 ukr d | ||
| 020 |
_a978-966-189-398-5 _c45.00 |
||
| 040 | _bукр. | ||
| 041 |
_2ukr _aukr |
||
| 080 | _a94 | ||
| 090 |
_a94 _bМ67 |
||
| 100 | _aМитрофаненко, Юрій | ||
| 245 |
_aУкраїнська отаманщина 1918-1919 років _cтехн. редактор О.Корнілов _hТекст |
||
| 260 |
_aКропивницький _bІмекс-ЛТД _c2016 |
||
| 300 |
_a240 с. _fВ опр. |
||
| 520 | _a Книга присвячена отаманщині - суперечливому феномену Української революції 1917 - 1921 рр. | ||
| 521 | _aДля широкого кола читачів | ||
| 546 | _aукр. | ||
| 650 | _aНауково- популярне видання | ||
| 653 |
_aРеволюція _aДокументи |
||
| 655 |
_aНауково- популярне видання _y1918-1919 |
||
| 942 |
_2udc _cBK |
||
| 999 |
_c17388 _d17388 |
||